[Event "OLOB 1920 SF Schöneck - SV Empor Erfur"]
[Site "?"]
[Date "2019.12.08"]
[Round "5.3"]
[White "Urban, Lars"]
[Black "Heinatz, Thomas"]
[Result "1/2-1/2"]
[WhiteElo "2178"]
[BlackElo "2294"]
[PlyCount "107"]
[EventDate "2019.??.??"]

1. d4 Nf6 2. c4 g6 3. Nc3 Bg7 4. e4 d6 5. g3 O-O 6. Bg2 Nc6 7. Nge2 e5 8. d5
Nd4 9. Nxd4 exd4 10. Ne2 Re8 11. f3 c5 12. dxc6 bxc6 13. Nxd4 Qa5+ 14. Kf2 Qb6
15. Be3 Qxb2+ 16. Nc2 d5 17. cxd5 cxd5 18. Re1 dxe4 19. Bd4 Qb5 20. Kg1 Bb7 21.
Rb1 Qc6 22. fxe4 Rad8 23. Qc1 Ba8 24. Qb2 Qe6 25. Ne3 Rxd4 26. Qxd4 Nxe4 27.
Qc4 Qxc4 28. Nxc4 Bd4+ 29. Kf1 Bd5 30. Bxe4 Bxc4+ 31. Kg2 Rxe4 32. Rxe4 Bd5 33.
Kh3 Bxe4 34. Rb4 Bf5+ 35. g4 Be6 36. Rxd4 Bxa2 37. Ra4 Be6 38. Kh4 Kg7 39. Kg5
h6+ 40. Kf4 g5+ 41. Kg3 Bd5 42. Rxa7 Be6 43. h4 gxh4+ 44. Kxh4 Kg6 45. Ra6 Kg7
46. Kh5 Kh7 47. Rb6 Kg7 48. Rb2 Bd7 49. Rd2 Be6 50. Rd6 Kh7 51. Ra6 Kg7 52. Rb6
Kh7 53. Rb2 Kg7 54. Rb6 1/2-1/2

[Event "OLOB 1920 SF Schöneck - SV Empor Erfur"]
[Site "?"]
[Date "2019.12.08"]
[Round "5.4"]
[White "Nazarenus, Moritz"]
[Black "Jacobi, Robin"]
[Result "1/2-1/2"]
[WhiteElo "2226"]
[BlackElo "2264"]
[PlyCount "68"]
[EventDate "2019.??.??"]

1. d4 Nf6 2. c4 e6 3. Nf3 b6 4. a3 Bb7 5. Nc3 d5 6. Bg5 Be7 7. e3 O-O 8. Bxf6
Bxf6 9. cxd5 exd5 10. b4 c5 11. bxc5 bxc5 12. Rb1 Qa5 13. Qd2 cxd4 14. Nxd4
Bxd4 15. exd4 Re8+ 16. Ne2 Qc7 17. f3 Nd7 18. Kf2 Nb6 19. Ng3 Rac8 20. Bb5 Qc2
21. Rb2 Qxd2+ 22. Rxd2 Re6 23. Rb1 Rc7 24. Rdb2 g6 25. Ne2 Bc8 26. Nf4 Rf6 27.
g3 Rc3 28. Rb3 Rc2+ 29. Be2 g5 30. Ng2 Ba6 31. R1b2 Rxe2+ 32. Rxe2 Bxe2 33.
Kxe2 Re6+ 34. Kd3 Nc4 1/2-1/2

[Event "OLOB 1920 SF Schöneck - SV Empor Erfur"]
[Site "?"]
[Date "2019.12.08"]
[Round "5.5"]
[White "Michalowski, Peter"]
[Black "Meyer, Kai-Christian"]
[Result "0-1"]
[WhiteElo "2108"]
[BlackElo "2218"]
[PlyCount "44"]
[EventDate "2019.??.??"]

1. e4 e5 2. Nf3 Nc6 3. Bb5 a6 4. Ba4 Nf6 5. Qe2 b5 6. Bb3 Be7 7. a4 b4 8. d4 d5
9. exd5 Nxd4 10. Nxd4 exd4 11. Bg5 O-O 12. Nd2 Bb7 13. O-O-O Bxd5 14. Rhe1 h6
15. Bxh6 Re8 16. Bg5 Qd7 17. Qe5 d3 18. cxd3 Bxb3 19. Nxb3 Ng4 20. Qf4 Bxg5 21.
Qxg5 Nxf2 22. Nc5 Qd6 0-1

[Event "OLOB 1920 SF Schöneck - SV Empor Erfur"]
[Site "?"]
[Date "2019.12.08"]
[Round "5.6"]
[White "Kirchner, Markus"]
[Black "Reucker, Friedrich"]
[Result "0-1"]
[WhiteElo "2045"]
[BlackElo "1945"]
[PlyCount "90"]
[EventDate "2019.??.??"]

1. e4 c6 2. Nc3 d5 3. Nf3 dxe4 4. Nxe4 Nf6 5. Nxf6+ exf6 6. d4 Bd6 7. Bd3 O-O
8. O-O Bg4 9. h3 Bh5 10. Re1 Nd7 11. c3 Qc7 12. Be3 Rfe8 13. Kh1 Bg6 14. Bxg6
hxg6 15. Qd3 f5 16. Rad1 Nf6 17. Ng5 Bf4 18. Nf3 Ne4 19. Kg1 Rad8 20. Bxf4 Qxf4
21. Qe3 Qxe3 22. Rxe3 f6 23. Rde1 Kf7 24. h4 Nd6 25. Nd2 Rxe3 26. Rxe3 Rh8 27.
g3 f4 28. Rf3 fxg3 29. fxg3 Re8 30. Kf2 Re6 31. b3 b6 32. Rd3 g5 33. hxg5 fxg5
34. Re3 Rf6+ 35. Ke2 Nf5 36. Rd3 Kg6 37. Nc4 Kh5 38. Ne5 Nh6 39. Rd1 g4 40. Nd3
Nf5 41. Kf2 Kg5 42. d5 Ne7+ 43. Ke2 Nxd5 44. Kd2 Rf3 45. Rg1 Nf6 0-1

[Event "OLOB 1920 SF Schöneck - SV Empor Erfur"]
[Site "?"]
[Date "2019.12.08"]
[Round "5.7"]
[White "Heinke, Jasper"]
[Black "Mueller, Achim"]
[Result "1/2-1/2"]
[WhiteElo "2066"]
[BlackElo "2094"]
[PlyCount "139"]
[EventDate "2019.??.??"]

1. d4 Nf6 2. c4 g6 3. Nc3 Bg7 4. e4 d6 5. Be2 O-O 6. Nf3 e5 7. O-O Nc6 8. d5
Ne7 9. Ne1 Ne8 10. Be3 f5 11. f3 f4 12. Bf2 g5 13. c5 h5 14. a4 Bh6 15. a5 Kh8
16. Nb5 a6 17. cxd6 cxd6 18. Bb6 Qd7 19. Na7 Ng6 20. Rc1 Rg8 21. Qc2 Ne7 22.
Kh1 g4 23. Rg1 Bg5 24. Qc4 Bh4 25. Bd1 Bg3 26. Ba4 Nc6 27. Nxc8 Rxc8 28. dxc6
Qe7 29. h3 bxc6 30. Qxa6 Qd7 31. Qf1 gxh3 32. gxh3 Nf6 33. Nd3 Qb7 34. Bf2 h4
35. b4 c5 36. bxc5 Nxe4 37. c6 Qh7 38. Rc2 Bxf2 39. Nxf2 Ng3+ 40. Rxg3 hxg3 41.
Ne4 Rg6 42. Kg2 Rh6 43. Ng5 Qf5 44. c7 Rh5 45. Qb5 Rxg5 46. Qd7 e4 47. Qxf5
Rxf5 48. Bd7 Rxc7 49. Rxc7 Rxa5 50. Rc2 d5 51. Bf5 e3 52. Bd3 Kg7 53. Rb2 Kf6
54. h4 Ra3 55. Be2 d4 56. Rb6+ Ke5 57. Rb5+ Kd6 58. Bc4 Rc3 59. Rd5+ Kc6 60.
Rxd4 Kc5 61. Rxf4 Rxc4 62. Rf5+ Kd4 63. Kxg3 Rc1 64. Rf8 Rg1+ 65. Kh2 e2 66.
Rd8+ Kc5 67. Kxg1 e1=Q+ 68. Kg2 Qxh4 69. Rg8 Qe1 70. Rg4 1/2-1/2

[Event "OLOB 1920 SF Schöneck - SV Empor Erfur"]
[Site "?"]
[Date "2019.12.08"]
[Round "5.8"]
[White "Weiss, Matthias"]
[Black "Reuter, Elisa"]
[Result "1/2-1/2"]
[WhiteElo "2031"]
[BlackElo "1850"]
[PlyCount "57"]
[EventDate "2019.??.??"]

1. e4 c5 2. Nf3 Nc6 3. c3 Nf6 4. e5 Nd5 5. d4 cxd4 6. Bc4 Nb6 7. Bb3 d6 8. exd6
Qxd6 9. O-O e6 10. cxd4 Be7 11. Nc3 O-O 12. g3 Qd8 13. Bf4 Bd6 14. Bxd6 Qxd6
15. d5 exd5 16. Nxd5 Nxd5 17. Bxd5 Be6 18. Bxe6 Qxe6 19. Re1 Qf6 20. Qb3 Na5
21. Qb5 Qxf3 22. Qxa5 Qf6 23. Qe5 Qxe5 24. Rxe5 Rfe8 25. Rae1 Kf8 26. Kg2 Rxe5
27. Rxe5 Rc8 28. Kf3 a6 29. Re2 1/2-1/2

[Event "OLOB 1920 SV Oberursel - SG BW Stadtilm"]
[Site "?"]
[Date "2019.12.08"]
[Round "5.1"]
[White "Kuznecovs, Nikita"]
[Black "Margolin, Boris"]
[Result "0-1"]
[WhiteElo "2306"]
[BlackElo "2391"]
[PlyCount "62"]
[EventDate "2019.??.??"]

1. d4 Nf6 2. c4 e6 3. g3 Bb4+ 4. Bd2 Bxd2+ 5. Qxd2 O-O 6. Bg2 d6 7. e4 e5 8.
Ne2 Re8 9. d5 c6 10. O-O cxd5 11. cxd5 Nbd7 12. Nbc3 Qb6 13. Rfb1 a5 14. Na4
Qb4 15. Qd1 Nb6 16. b3 Nxa4 17. bxa4 Qc5 18. Rb5 Qa7 19. Qb3 Nd7 20. Qa3 Nc5
21. Rab1 f5 22. Rb6 fxe4 23. Rxd6 Bf5 24. g4 Bxg4 25. Nc3 Rac8 26. Nb5 Qb8 27.
Rc1 Nd3 28. Rf1 Be2 29. Rb1 Nf4 30. Bxe4 Bxb5 31. axb5 Rc3 0-1

[Event "OLOB 1920 SV Oberursel - SG BW Stadtilm"]
[Site "?"]
[Date "2019.12.08"]
[Round "5.2"]
[White "Heinz, Axel"]
[Black "Siebarth, Raiko"]
[Result "1/2-1/2"]
[WhiteElo "2444"]
[BlackElo "2306"]
[PlyCount "74"]
[EventDate "2019.??.??"]

1. e4 c5 2. Nf3 e6 3. d4 cxd4 4. Nxd4 Nc6 5. Nc3 Qc7 6. g3 a6 7. Bg2 Nf6 8. O-O
h5 9. Bg5 Bc5 10. Nxc6 dxc6 11. Na4 Ba7 12. c4 b5 13. Nc3 e5 14. Qc2 Qb8 15.
Nd1 Be6 16. cxb5 Qxb5 17. Rc1 Rc8 18. Be3 Bd4 19. b3 h4 20. Bxd4 exd4 21. Qc5
hxg3 22. fxg3 Ng4 23. e5 Nxe5 24. Qxd4 Rd8 25. Qc5 Rd2 26. Qxb5 cxb5 27. Rf2
Rd8 28. Re2 f6 29. Ne3 O-O 30. Rc7 Rd6 31. Rec2 Rfd8 32. Kf1 Rd3 33. Ke2 Ng4
34. Nxg4 Bxg4+ 35. Ke1 Rd1+ 36. Kf2 R8d2+ 37. Ke3 Rd3+ 1/2-1/2

[Event "OLOB 1920 SV Oberursel - SG BW Stadtilm"]
[Site "?"]
[Date "2019.12.08"]
[Round "5.3"]
[White "George, Tom"]
[Black "Dubiel, Jacek"]
[Result "1/2-1/2"]
[WhiteElo "2173"]
[BlackElo "2415"]
[PlyCount "52"]
[EventDate "2019.??.??"]

1. e4 e5 2. Nf3 Nc6 3. Bb5 a6 4. Ba4 Nf6 5. d4 exd4 6. O-O Be7 7. Re1 b5 8. e5
Nxe5 9. Nxe5 bxa4 10. Qxd4 O-O 11. Qxa4 Rb8 12. a3 Rb6 13. Nd2 Re6 14. Ndf3 Bd6
15. Bg5 Rfe8 16. Nd3 Bb7 17. Rxe6 Rxe6 18. Re1 Bxf3 19. gxf3 Qc8 20. Rxe6 fxe6
21. Bxf6 gxf6 22. h3 Kf7 23. Kf1 Ke7 24. Ke2 c5 25. Qe4 Qg8 26. Qc4 Qg2 1/2-1/2

[Event "OLOB 1920 SV Oberursel - SG BW Stadtilm"]
[Site "?"]
[Date "2019.12.08"]
[Round "5.4"]
[White "Akbarinia, Sayed Arash"]
[Black "Schneider, Christian"]
[Result "1-0"]
[WhiteElo "2369"]
[BlackElo "2216"]
[PlyCount "61"]
[EventDate "2019.??.??"]

1. c4 e6 2. Nf3 Nf6 3. g3 d5 4. Bg2 Be7 5. d4 O-O 6. Qd3 dxc4 7. Qxc4 a6 8. Bf4
Nd5 9. Bd2 Nd7 10. e4 b5 11. Qe2 N5b6 12. O-O Bb7 13. Rc1 Rc8 14. b4 Nc4 15.
Bc3 Ndb6 16. Nbd2 Nxd2 17. Nxd2 Na4 18. Qe3 e5 19. d5 c6 20. Bxe5 cxd5 21. exd5
Rxc1+ 22. Rxc1 Bxb4 23. Qd4 Ba3 24. Qg4 f6 25. Rc7 Rf7 26. Qe6 Qf8 27. Bd4 Bc5
28. Rxb7 Bxd4 29. d6 Nc5 30. Qxf7+ Qxf7 31. Rb8+ 1-0

[Event "OLOB 1920 SV Oberursel - SG BW Stadtilm"]
[Site "?"]
[Date "2019.12.08"]
[Round "5.5"]
[White "Siebarth, Marco"]
[Black "Stork, Oliver"]
[Result "0-1"]
[WhiteElo "2020"]
[BlackElo "2267"]
[PlyCount "76"]
[EventDate "2019.??.??"]

1. Nc3 d5 2. e4 d4 3. Nce2 e5 4. Ng3 Be6 5. Bb5+ Nd7 6. d3 c6 7. Bc4 Bxc4 8.
dxc4 Bb4+ 9. Kf1 Ne7 10. a3 Bd6 11. Nf3 a5 12. a4 Nc5 13. Ne1 O-O 14. Nd3 Qd7
15. Nxc5 Bxc5 16. Qd3 Rfb8 17. Bd2 b5 18. b3 bxc4 19. Qxc4 Qd6 20. Bg5 Rb4 21.
Bxe7 Qxe7 22. Qd3 Qe6 23. Ke2 Be7 24. Nf1 Bg5 25. h4 Bh6 26. f3 c5 27. g4 Bf4
28. Nd2 Bxd2 29. Kxd2 Rc8 30. h5 Qh6+ 31. Kd1 c4 32. bxc4 Rbxc4 33. Ra3 Qf4 34.
Rf1 h6 35. Rf2 Rb4 36. Qd2 Qg3 37. Ke2 Rb2 38. Kf1 Qh3+ 0-1

[Event "OLOB 1920 SV Oberursel - SG BW Stadtilm"]
[Site "?"]
[Date "2019.12.08"]
[Round "5.6"]
[White "Schlamp, Robert"]
[Black "Mehlhorn, Uwe"]
[Result "1-0"]
[WhiteElo "2293"]
[BlackElo "2076"]
[PlyCount "53"]
[EventDate "2019.??.??"]

1. d4 g6 2. e4 Bg7 3. Nf3 d6 4. Bc4 e6 5. Nc3 Ne7 6. O-O O-O 7. Re1 b6 8. Bf4
Bb7 9. Qd2 a6 10. a4 Nd7 11. Bg5 Qe8 12. Qf4 Kh8 13. Bh6 Ng8 14. Bxg7+ Kxg7 15.
e5 Bxf3 16. Qxf3 d5 17. Bf1 c5 18. Ne2 c4 19. Ra3 Qe7 20. Rea1 h5 21. g3 Nh6
22. Bh3 Rh8 23. Nf4 Rad8 24. b3 cxb3 25. Rxb3 Rc8 26. Qd3 a5 27. Bxe6 1-0

[Event "OLOB 1920 SV Oberursel - SG BW Stadtilm"]
[Site "?"]
[Date "2019.12.08"]
[Round "5.7"]
[White "Neubauer, Andreas"]
[Black "Weber, Samuel"]
[Result "0-1"]
[WhiteElo "2164"]
[BlackElo "2199"]
[PlyCount "84"]
[EventDate "2019.??.??"]

1. d4 Nf6 2. Bf4 d5 3. e3 e6 4. Nd2 Bd6 5. Bg3 O-O 6. Bd3 c5 7. c3 Nc6 8. Ngf3
b6 9. Qe2 cxd4 10. exd4 Bb7 11. O-O Ne7 12. Ne5 Nf5 13. Rfe1 Nxg3 14. hxg3 g6
15. a4 a6 16. Qe3 Be7 17. f3 Nd7 18. Kf2 Nxe5 19. Qxe5 Bd6 20. Qe3 e5 21. Qh6
Qf6 22. Rh1 Qg7 23. Qxg7+ Kxg7 24. dxe5 Bxe5 25. Rhe1 Bf6 26. Nb3 Bc6 27. Nd4
Bd7 28. Re2 h5 29. Ree1 Rfc8 30. Red1 b5 31. axb5 axb5 32. Rxa8 Rxa8 33. Nxb5
Rb8 34. Nc7 Rxb2+ 35. Kg1 Bc6 36. Ba6 Bxc3 37. Nxd5 Be5 38. Nf4 Rb6 39. Be2 h4
40. Bc4 hxg3 41. Ne2 Rb2 42. Kf1 g5 0-1

[Event "OLOB 1920 SV Oberursel - SG BW Stadtilm"]
[Site "?"]
[Date "2019.12.08"]
[Round "5.8"]
[White "Neininger, Ralph"]
[Black "Dittrich, Tom"]
[Result "1/2-1/2"]
[WhiteElo "2119"]
[BlackElo "1915"]
[PlyCount "87"]
[EventDate "2019.??.??"]

1. d4 Nf6 2. c4 g6 3. Nc3 Bg7 4. e4 d6 5. h3 O-O 6. Be3 Na6 7. Nf3 e5 8. d5 Nh5
9. g3 f5 10. exf5 gxf5 11. Nxe5 Nxg3 12. fxg3 Bxe5 13. Rg1 Nc5 14. Qd2 a5 15.
O-O-O Bd7 16. Bd3 Qf6 17. Bc2 a4 18. Bd4 b6 19. Rgf1 a3 20. b3 Rae8 21. Bxe5
dxe5 22. Ne4 Nxe4 23. Bxe4 Qd6 24. Bc2 b5 25. Qc3 bxc4 26. Qxc4 Rb8 27. Rfe1
Bb5 28. Qc3 Rbe8 29. g4 f4 30. Bf5 Bd7 31. Bxd7 Qxd7 32. Re4 f3 33. Qc4 Qd6 34.
Rf1 Rd8 35. Re3 Qxd5 36. Qxd5+ Rxd5 37. Rfxf3 Rfd8 38. Kc2 Rd2+ 39. Kc3 Rxa2
40. Rxe5 Rg2 41. Rg5+ Kh8 42. Ra5 a2 43. Rf7 Rg3+ 44. Kc4 1/2-1/2

[Event "OLOB 1920 SV Medizin Erfurt - SK Marbur"]
[Site "?"]
[Date "2019.12.08"]
[Round "5.1"]
[White "Dorst, Johannes"]
[Black "Jakob, Matthias"]
[Result "1-0"]
[WhiteElo "2226"]
[BlackElo "2103"]
[PlyCount "105"]
[EventDate "2019.??.??"]

1. e4 Nc6 2. Nf3 d6 3. d4 Nf6 4. c3 g6 5. Bd3 Bg7 6. O-O O-O 7. h3 e5 8. Re1 h6
9. Bb5 Bd7 10. d5 Ne7 11. Bxd7 Nxd7 12. c4 f5 13. Nc3 Nf6 14. Nh2 Qd7 15. Qd3
Rf7 16. f3 f4 17. b4 a5 18. bxa5 Rxa5 19. a4 Rf8 20. Ba3 b6 21. Bb4 Ra7 22. Ra2
g5 23. Rea1 h5 24. a5 bxa5 25. Nb5 Rb7 26. Bxa5 g4 27. hxg4 hxg4 28. fxg4 Nc8
29. Qf3 c6 30. Nc3 Nh7 31. Qh3 cxd5 32. cxd5 Rb3 33. Ra3 Qa7+ 34. Kh1 Ng5 35.
Qd3 Rxa3 36. Rxa3 Qc5 37. Ra2 Rf6 38. Bd8 Rg6 39. Bxg5 Rxg5 40. Nd1 Nb6 41. Rc2
Qa5 42. Qc3 Qxc3 43. Rxc3 Bf8 44. Nf2 Rg7 45. Nf3 Rh7+ 46. Kg1 Ra7 47. g5 Ra1+
48. Kh2 Na4 49. Rc8 Nc5 50. Nh4 Ra2 51. Ng4 Nxe4 52. Nh6+ Kg7 53. Rc7+ 1-0

[Event "OLOB 1920 SV Medizin Erfurt - SK Marbur"]
[Site "?"]
[Date "2019.12.08"]
[Round "5.2"]
[White "Wehner, Janis"]
[Black "Rolle, Eric"]
[Result "1/2-1/2"]
[WhiteElo "2118"]
[BlackElo "2196"]
[PlyCount "38"]
[EventDate "2019.??.??"]

1. e4 e5 2. Nf3 Nc6 3. Bb5 a6 4. Ba4 Nf6 5. O-O b5 6. Bb3 Be7 7. Re1 d6 8. c3
O-O 9. d3 Na5 10. Bc2 c5 11. Nbd2 Qc7 12. Nf1 Re8 13. Ng3 Nc6 14. h3 h6 15. Nh2
d5 16. Ng4 dxe4 17. dxe4 Nxg4 18. hxg4 Be6 19. Nf5 Red8 1/2-1/2

[Event "OLOB 1920 SV Medizin Erfurt - SK Marbur"]
[Site "?"]
[Date "2019.12.08"]
[Round "5.3"]
[White "Alber, Horst"]
[Black "Grund, Sebastian"]
[Result "1-0"]
[WhiteElo "2272"]
[BlackElo "2000"]
[PlyCount "45"]
[EventDate "2019.??.??"]

1. d4 Nf6 2. c4 g6 3. Nc3 d5 4. cxd5 Nxd5 5. Na4 Bg7 6. Nf3 Nb6 7. e4 O-O 8.
Be3 Nxa4 9. Qxa4 c5 10. Rd1 Bd7 11. Bb5 Bxb5 12. Qxb5 Qb6 13. Qxc5 Qxb2 14. O-O
Re8 15. Rb1 Qxa2 16. Rxb7 Na6 17. Qb5 Rab8 18. h4 e5 19. Rb1 Rbd8 20. Rxa7 Rb8
21. Qxb8 Rxb8 22. Rxb8+ Bf8 23. Bh6 1-0

[Event "OLOB 1920 SV Medizin Erfurt - SK Marbur"]
[Site "?"]
[Date "2019.12.08"]
[Round "5.4"]
[White "Mueller-Ludwig, Kristin"]
[Black "Henrich, Thomas"]
[Result "1/2-1/2"]
[WhiteElo "2062"]
[BlackElo "2172"]
[PlyCount "45"]
[EventDate "2019.??.??"]

1. e4 e6 2. d4 d5 3. Nc3 Bb4 4. e5 Ne7 5. a3 Bxc3+ 6. bxc3 c5 7. Nf3 h6 8. a4
Qc7 9. Be2 b6 10. O-O Ba6 11. Bxa6 Nxa6 12. Qe2 Nb8 13. a5 Nd7 14. axb6 Qxb6
15. Ba3 Rb8 16. Nd2 O-O 17. Nb3 c4 18. Nc5 Qd8 19. Bb4 Ra8 20. Nb7 Qe8 21. Nd6
Qd8 22. Nb7 Qe8 23. Nd6 1/2-1/2

[Event "OLOB 1920 SV Medizin Erfurt - SK Marbur"]
[Site "?"]
[Date "2019.12.08"]
[Round "5.5"]
[White "Duncker, Joachim"]
[Black "Kirschbaum, Gunnar"]
[Result "1-0"]
[WhiteElo "2198"]
[BlackElo "2083"]
[PlyCount "49"]
[EventDate "2019.??.??"]

1. e4 d6 2. d4 Nf6 3. Nc3 g6 4. f4 Bg7 5. Nf3 O-O 6. a3 Na6 7. Bd3 c5 8. d5 Nc7
9. Qe2 a6 10. a4 b6 11. O-O Rb8 12. Re1 b5 13. axb5 axb5 14. Bxb5 Nxe4 15. Qxe4
Nxb5 16. Nxb5 Rxb5 17. Qxe7 Qxe7 18. Rxe7 Bxb2 19. Bxb2 Rxb2 20. Ng5 Rxc2 21.
Raa7 Bf5 22. Nxf7 Rb8 23. h4 Bh3 24. Nh6+ Kf8 25. Re1 1-0

[Event "OLOB 1920 SV Medizin Erfurt - SK Marbur"]
[Site "?"]
[Date "2019.12.08"]
[Round "5.7"]
[White "Nekhamkis, Genadi"]
[Black "Nguyen, Ha Thanh"]
[Result "1/2-1/2"]
[WhiteElo "2110"]
[BlackElo "1984"]
[PlyCount "85"]
[EventDate "2019.??.??"]

1. e4 c5 2. d4 cxd4 3. c3 Nf6 4. e5 Nd5 5. Nf3 e6 6. Bc4 Nb6 7. Bb3 h6 8. cxd4
d5 9. O-O Nc6 10. a3 a6 11. Nc3 Bd7 12. Re1 Rc8 13. Ba2 Ne7 14. g3 Nc4 15. Qd3
b5 16. Qe2 Nxa3 17. bxa3 Rxc3 18. Bb2 Rc8 19. Rac1 Nc6 20. Bb1 Na5 21. Nd2 Nc4
22. Nxc4 bxc4 23. f4 Qa5 24. Qf3 Rb8 25. Bc3 Qd8 26. Bc2 Be7 27. f5 exf5 28.
Qxd5 O-O 29. Qf3 Bxa3 30. Ra1 Be7 31. Rxa6 Ra8 32. Rea1 Rxa6 33. Rxa6 Qc8 34.
Ra7 Re8 35. Qb7 Qxb7 36. Rxb7 Be6 37. Ba4 Ra8 38. Bc6 Bd8 39. d5 Bc8 40. Rb4
Ra3 41. Rb8 Kh7 42. Bd4 c3 43. Bxc3 1/2-1/2

[Event "OLOB 1920 SV Medizin Erfurt - SK Marbur"]
[Site "?"]
[Date "2019.12.08"]
[Round "5.8"]
[White "Rost, Detlef"]
[Black "Yaghy, Ritta"]
[Result "1/2-1/2"]
[WhiteElo "1892"]
[BlackElo "1972"]
[PlyCount "49"]
[EventDate "2019.??.??"]

1. d4 d5 2. c4 e6 3. Nf3 c6 4. Qc2 Nf6 5. Bg5 Qa5+ 6. Bd2 Bb4 7. e3 Ne4 8. Bd3
Nxd2 9. Nbxd2 dxc4 10. Bxc4 Nd7 11. O-O O-O 12. a3 Be7 13. Ba2 Qh5 14. Ne4 Qg6
15. Rac1 Nf6 16. Nxf6+ Bxf6 17. Qc5 Rd8 18. Bb1 Qh6 19. Be4 Bd7 20. Qb4 Rab8
21. Qa5 Ra8 22. Qb4 Rab8 23. h3 g6 24. Qa5 Ra8 25. Qb4 1/2-1/2

[Event "OLOB 1920 SV 1861 Liebschwitz - Bad Ems"]
[Site "?"]
[Date "2019.12.08"]
[Round "5.1"]
[White "Matviishen, Viktor"]
[Black "Gerhardt, Frank"]
[Result "1-0"]
[WhiteElo "2492"]
[BlackElo "2189"]
[PlyCount "39"]
[EventDate "2019.??.??"]

1. d4 Nf6 2. c4 g6 3. Nc3 Bg7 4. e4 d6 5. h3 O-O 6. Be3 e5 7. d5 Na6 8. g4 Nd7
9. Nge2 Ndc5 10. Ng3 Qe8 11. h4 h6 12. a3 Bd7 13. b4 Na4 14. Nxa4 Bxa4 15. Qd2
Bd7 16. Bxh6 Bxg4 17. Bxg7 Kxg7 18. Qg5 Qd7 19. Bh3 Bxh3 20. Nh5+ 1-0

[Event "OLOB 1920 SV 1861 Liebschwitz - Bad Ems"]
[Site "?"]
[Date "2019.12.08"]
[Round "5.2"]
[White "Hermannsdoerfer, Frank"]
[Black "Frolov, Artur"]
[Result "0-1"]
[WhiteElo "2158"]
[BlackElo "2417"]
[PlyCount "96"]
[EventDate "2019.??.??"]

1. c4 e5 2. Nc3 Nc6 3. Nf3 f5 4. d4 e4 5. Ng1 Nf6 6. g3 d5 7. cxd5 Nxd5 8. e3
Be6 9. a3 Qd7 10. Bd2 Bd6 11. Bb5 a6 12. Be2 O-O 13. h4 Nce7 14. Nh3 Kh8 15.
Rc1 Nxc3 16. Bxc3 Nd5 17. Nf4 Nxf4 18. gxf4 Bd5 19. Qd2 Bxf4 20. Bb4 Bd6 21.
Bxd6 Qxd6 22. Qb4 Qxb4+ 23. axb4 c6 24. Bc4 Rad8 25. Rg1 Rf6 26. Rg5 h6 27. Rg2
Kh7 28. Kd2 Rg6 29. Rxg6 Kxg6 30. Be2 Kf6 31. h5 Bf7 32. Rh1 Rh8 33. f4 exf3
34. Bxf3 Rd8 35. Rc1 Bd5 36. Be2 Be4 37. Rg1 Kf7 38. Bc4+ Kf8 39. Rf1 Rd6 40.
Bd3 Rf6 41. Kc3 Bxd3 42. Kxd3 Kf7 43. Kc4 g5 44. hxg6+ Kxg6 45. Rg1+ Kh7 46.
Rh1 Rd6 47. Kd3 Rg6 48. Rh2 Rg3 0-1

[Event "OLOB 1920 SV 1861 Liebschwitz - Bad Ems"]
[Site "?"]
[Date "2019.12.08"]
[Round "5.3"]
[White "Shkuran, Danylo"]
[Black "Franke, Luca"]
[Result "1-0"]
[WhiteElo "2328"]
[BlackElo "1880"]
[PlyCount "71"]
[EventDate "2019.??.??"]

1. Nf3 Nf6 2. g3 g6 3. Bg2 Bg7 4. O-O O-O 5. d3 d6 6. c4 e5 7. Nc3 Nc6 8. Bg5
h6 9. Bxf6 Bxf6 10. Rb1 Bg7 11. b4 f5 12. Nd5 Ne7 13. Ne1 c6 14. Nxe7+ Qxe7 15.
b5 e4 16. dxe4 fxe4 17. Nc2 Bf5 18. Ne3 Rfd8 19. bxc6 bxc6 20. Qa4 Rac8 21.
Rfd1 Qf7 22. Qa6 Rc7 23. Qa5 Rcd7 24. Rb7 Bc3 25. Qxd8+ Rxd8 26. Rxf7 Kxf7 27.
g4 Be6 28. Bxe4 c5 29. Bd5 Rb8 30. Bxe6+ Kxe6 31. Nd5 Be5 32. Rd3 g5 33. Rb3
Rxb3 34. axb3 a5 35. e3 Bb2 36. f4 1-0

[Event "OLOB 1920 SV 1861 Liebschwitz - Bad Ems"]
[Site "?"]
[Date "2019.12.08"]
[Round "5.4"]
[White "Kitzig, Tobias"]
[Black "Skliarov, Viktor"]
[Result "0-1"]
[WhiteElo "1468"]
[BlackElo "2375"]
[PlyCount "48"]
[EventDate "2019.??.??"]

1. d4 Nf6 2. Bf4 d6 3. e3 g6 4. h3 Bg7 5. Nf3 O-O 6. Be2 c5 7. c3 Qb6 8. Qb3
Be6 9. Qxb6 axb6 10. Nbd2 Rxa2 11. Rxa2 Bxa2 12. c4 Nc6 13. O-O Nh5 14. Bh2
cxd4 15. exd4 Nxd4 16. Nxd4 Bxd4 17. b4 Bc3 18. Rd1 Rc8 19. Ne4 Bxb4 20. g4 Ng7
21. Ra1 Ra8 22. c5 d5 23. cxb6 Ne6 24. Be5 dxe4 0-1

[Event "OLOB 1920 SV 1861 Liebschwitz - Bad Ems"]
[Site "?"]
[Date "2019.12.08"]
[Round "5.5"]
[White "Kersten, Uwe"]
[Black "Ahmed, Daniel"]
[Result "0-1"]
[WhiteElo "2267"]
[BlackElo "1914"]
[PlyCount "76"]
[EventDate "2019.??.??"]

1. e4 d5 2. exd5 Qxd5 3. Nc3 Qd8 4. d4 Nf6 5. Nf3 Bg4 6. h3 Bh5 7. g4 Bg6 8.
Bg2 c6 9. Ne5 Nbd7 10. Qe2 Nxe5 11. dxe5 Nd7 12. e6 fxe6 13. Bf4 Bf7 14. O-O-O
Qa5 15. Rd2 g5 16. Rhd1 O-O-O 17. Be5 Rg8 18. Qe3 Bh6 19. Bh2 Bg7 20. Bxc6 bxc6
21. Qf3 Ne5 22. Bxe5 Bxe5 23. Rxd8+ Rxd8 24. Rxd8+ Kxd8 25. Qxf7 Bxc3 26. bxc3
Qxa2 27. Qxh7 Qa3+ 28. Kb1 Qxc3 29. Qg8+ Kd7 30. Qxg5 Qe1+ 31. Kb2 Qxf2 32. Qh5
Qd4+ 33. c3 Qd2+ 34. Kb3 Qd5+ 35. Qxd5+ exd5 36. h4 e5 37. h5 Ke7 38. g5 Kf7
0-1

[Event "OLOB 1920 SV 1861 Liebschwitz - Bad Ems"]
[Site "?"]
[Date "2019.12.08"]
[Round "5.6"]
[White "Zeidler, Andreas"]
[Black "Schmidt, Alexander"]
[Result "0-1"]
[WhiteElo "2165"]
[BlackElo "2149"]
[PlyCount "110"]
[EventDate "2019.??.??"]

1. d4 Nf6 2. c4 g6 3. g3 Bg7 4. Bg2 d6 5. Nc3 O-O 6. Nf3 c6 7. O-O Qc7 8. Bf4
h6 9. Qc1 Kh7 10. e4 Nh5 11. Be3 Na6 12. Nh4 e5 13. d5 Nc5 14. b4 Na6 15. Rb1
c5 16. Nb5 Qd8 17. a3 b6 18. Qd1 Nb8 19. Qe2 a6 20. Nc3 Nf4 21. Qd2 Nxg2 22.
Nxg2 Nd7 23. Rb3 f5 24. Rfb1 Nf6 25. bxc5 bxc5 26. f3 Ra7 27. Rb8 Qa5 28. R8b6
Ne8 29. Ne1 f4 30. Bf2 h5 31. Kg2 Raf7 32. R1b3 g5 33. Nb1 Qa4 34. Qe2 g4 35.
Nd2 Qd7 36. Kh1 Bh6 37. Rd3 Qe7 38. Rbb3 Qf6 39. Ng2 gxf3 40. Nxf3 Bg4 41. Ngh4
a5 42. Kg2 a4 43. Rb6 Qd8 44. Rb2 Nf6 45. Qe1 Bd7 46. h3 Rg8 47. Kh2 Rfg7 48.
Ng1 Kh8 49. Ng2 Qe8 50. Nh4 Nh7 51. Rb6 Qf8 52. Bxc5 fxg3+ 53. Kg2 dxc5 54.
Rxh6 Rg5 55. Rb6 Qf2+ 0-1

[Event "OLOB 1920 SV 1861 Liebschwitz - Bad Ems"]
[Site "?"]
[Date "2019.12.08"]
[Round "5.7"]
[White "Warnecke, Tobias"]
[Black "Biel, Maik"]
[Result "1-0"]
[WhiteElo "2151"]
[BlackElo "2115"]
[PlyCount "55"]
[EventDate "2019.??.??"]

1. e4 c5 2. Nc3 d6 3. Bb5+ Bd7 4. Bc4 Nc6 5. d3 e6 6. f4 Nd4 7. Nf3 b5 8. Nxd4
bxc4 9. Nf3 cxd3 10. Qxd3 Qb6 11. Be3 Nf6 12. O-O Ng4 13. Rad1 Nxe3 14. Qxe3
Be7 15. Nd2 Rd8 16. Nc4 Qc7 17. Qg3 O-O 18. f5 Bf6 19. Nxd6 Bxc3 20. Qxc3 exf5
21. exf5 h6 22. f6 g6 23. Qe3 Kh7 24. Qe7 Kg8 25. Rd2 c4 26. Rfd1 Qb6+ 27. Kh1
Be6 28. Nxf7 1-0

[Event "OLOB 1920 SV 1861 Liebschwitz - Bad Ems"]
[Site "?"]
[Date "2019.12.08"]
[Round "5.8"]
[White "Meissner, Steffen"]
[Black "Ramlow, Marcus"]
[Result "0-1"]
[WhiteElo "2008"]
[BlackElo "2083"]
[PlyCount "64"]
[EventDate "2019.??.??"]

1. e4 e5 2. Nf3 Nc6 3. Bb5 a6 4. Ba4 Nf6 5. O-O Nxe4 6. Re1 Nc5 7. Bxc6 dxc6 8.
Nxe5 Be7 9. d4 Ne6 10. c3 O-O 11. Nd2 c5 12. Ndf3 cxd4 13. cxd4 Qd5 14. Be3 b6
15. Qc2 Bb7 16. Red1 Rad8 17. a3 f6 18. Nd3 Qh5 19. Nde1 Bd6 20. Qc4 Bd5 21.
Qf1 g5 22. h3 g4 23. hxg4 Qxg4 24. Nh2 Qh5 25. g3 Kh8 26. Ng2 Rg8 27. Rd2 Rg6
28. Qe2 Qh3 29. Nf3 Ng5 30. Nfh4 Rh6 31. f4 Ne4 32. Qf3 Rg8 0-1